Шифртелеграмма полпреда СССР в Югославии В. А. Плотникова в НКИД СССР об опасениях югославских политических кругов относительно ...

RUSMARC
00004272cbm0a2200301#x 450
00196b42958-c34a-49de-a950-084fb60d7f8f
00520210622091846.0
100##$a20210622j19401012k###0rusy50 ca
1010#$arus
102##$aYU
105##$ay###z######z#
1220#$ad19401012##
2001#$aШифртелеграмма полпреда СССР в Югославии В. А. Плотникова в НКИД СССР об опасениях югославских политических кругов относительно возможной "советизации" Югославии
$j12 октября 1940 г.
251##$cДокумент
300##$aЗаверенная копия
461#0$12001
$aФ. 059
$1251
$cФонд
$1852
$j059
462#0$12001
$aОп. 1. П. 317
$1251
$cОпись
$1852
$j1. П. 317
462#0$12001
$aД. 2183
$vЛ. 103
$1251
$cДело
$1852
$j2183
605##$2prlib_sh
$3LIBNET\UAF\0000088514
$aВторая мировая война в архивных документах (Комплекс оцифрованных архивных документов, кино- и фотоматериалов)
$lколлекция
617##$2prlib_sh
$aЮгославия
$f1940
617##$2prlib_sh
$aСССР
$f1940
686##$a63.3(4Юго)62-6ю11
$vLBC/M
$2rubbk
686##$a63.3(2)621-6ю11
$vLBC/M
$2rubbk
801#0$aRU
$bПБ им. Б.Н. Ельцина
$c20210622
801#1$aRU
$bПБ им. Б.Н. Ельцина
$c20210622
$2rusmarc
801#2$aRU
$bПБ им. Б.Н. Ельцина
$c20210622
$2rusmarc
850##$aАрхив внешней политики Российской Федерации
852##$aАВП РФ
$jЛ. 103
035##$aLIBNET\0001163223
937##$d165223922
$hФедеральное архивное агентство
8564#$uhttp://readingroom.main.prlib.ru/item.aspx?id_node=n165223922&mode=full
Формат отображения